000 00676nam a2200277Ia 4500
005 20260324150049.0
008 008 260324s9999 xx 000 0 eng d
020 _a9781315824000
037 _aEBOOK
040 _aCRL
040 _beng
040 _cCRL
041 _2eng
041 _aeng
084 _qCRL
100 _aProfessor John H Dunning; John H. Dunning
_91207366
245 0 _aEconomic Analysis and Multinational Enterprise
260 _bTaylor and Francis
260 _c1974
365 _a
365 _b240
856 _uhttp://www.taylorfrancis.com/books/9781315824000
942 _cEBOOK
999 _c1833965
_d1833965